El libro de la montería es el Tratado de venación de Don Alfonso el Sabio / (Record no. 151852)

MARC details
000 -LEADER
campo de control de longitud fija 01326nam a2200253 i 4500
001 - NÚMERO DE CONTROL
campo de control 151852
003 - IDENTIFICADOR DE NÚMERO DE CONTROL
campo de control ES-MaACL
005 - FECHA Y HORA DE LA ÚLTIMA TRANSACCIÓN
campo de control 20260301183417.0
008 - DATOS DE LONGITUD FIJA--INFORMACIÓN GENERAL
campo de control de longitud fija 961128s1878 sp |||| | spa d
080 ## - NÚMERO DE LA CLASIFICACIÓN DECIMAL UNIVERSAL
Número de la Clasificación Decimal Universal 821.134.2 Alfonso X, Rey de Castilla 7 El libro de la montería.07
100 1# - ENTRADA PRINCIPAL--NOMBRE DE PERSONA
Nombre de persona Navarro, Felipe Benicio,
Fechas asociadas al nombre 1840-1901
Término indicativo de función/relación Autor
9 (RLIN) 85065
245 13 - MENCIÓN DEL TÍTULO
Título El libro de la montería es el Tratado de venación de Don Alfonso el Sabio /
Mención de responsabilidad, etc. por Felipe Benicio Navarro.
260 ## - PUBLICACIÓN, DISTRIBUCIÓN, ETC.
Lugar de publicación, distribución, etc. Madrid :
Nombre del editor, distribuidor, etc. [s.n.],
Fecha de publicación, distribución, etc. 1878
Fabricante (Imp., Estereotipia y Galvanoplastia de Aribau y Cª.)
300 ## - DESCRIPCIÓN FÍSICA
Extensión 39 páginas ;
Dimensiones 22 cm.
530 ## - NOTA DISPONIBLE DE FORMULARIO FÍSICO ADICIONAL
Nota de formato físico adicional disponible Disponible en formato digital
600 07 - PUNTO DE ACCESO ADICIONAL DE MATERIA--NOMBRE DE PERSONA
Nombre de persona Alfonso
Numeración X,
Títulos y otros términos asociados al nombre Rey de Castilla.
Título de la obra El libro de la montería
Fuente del encabezamiento o término
9 (RLIN) 147428
650 #4 - PUNTO DE ACCESO ADICIONAL DE MATERIA--TÉRMINO DE MATERIA
Término de materia o nombre geográfico como elemento de entrada Caza mayor-
Subdivisión de forma Obras anteriores a 1800.
9 (RLIN) 147670
852 ## - LOCALIZACIÓN
Ubicación ES-MaACL
Ubicación en estantería Depósito folletos
Partes que faltan Ejemplar falto de cub. original
Anotaciones manuscritas Dedicatoria autógrafa del autor
Donativo/Legado Donativo de Felipe Benicio Navarro
Número de control de estantería T-277-F-1
Encuadernación Enc. en un vol. facticio
-- Holandesa
856 ## - LOCALIZACIÓN Y ACCESO ELECTRÓNICOS
Identificador Uniforme de Recursos <a href="http://bdh-rd.bne.es/viewer.vm?id=0000090599&page=1">http://bdh-rd.bne.es/viewer.vm?id=0000090599&page=1</a>
Texto de enlace Versión en línea
Nota pública (Biblioteca Digital Hispánica)
856 ## - LOCALIZACIÓN Y ACCESO ELECTRÓNICOS
Identificador Uniforme de Recursos <a href="https://patrimoniodigital.ucm.es/s/patrimonio/item/557369">https://patrimoniodigital.ucm.es/s/patrimonio/item/557369</a>
Texto de enlace Versión en línea
Nota pública (Patrimonio Digital Complutense)
942 ## - ELEMENTOS DE ENTRADA SECUNDARIOS (KOHA)
Fuente del sistema de clasificación o colocación Clasificación decimal universal
Tipo de ítem Koha Folleto
Suprimir en OPAC No
Holdings
Estatus retirado Estado de pérdida Fuente del sistema de clasificación o colocación Estado de daño No para préstamo Colección Biblioteca de origen Biblioteca actual Ubicación en estantería Fecha de adquisición Fuente de adquisición Número de control de estantería Total de préstamos Signatura topográfica completa Código de barras Visto por última vez Tipo de ítem Koha Nota pública
    Clasificación decimal universal     Colección de folletos Biblioteca del Ateneo de Madrid Biblioteca del Ateneo de Madrid Depósito folletos 17/01/2008 Donación 1   T-277-F-1 1158493 23/02/2023 Folleto Dedicatoria autógrafa del autor